[Event "Faaker See op 27th"]
[Site "Latschach (13.8.-20.8)"]
[Date "2011.08.20"]
[Round "9.6"]
[White "Okhotnik, Vladimir"]
[Black "Sorcnik, Franc"]
[Result "1-0"]
[WhiteElo "2455"]
[BlackElo "2113"]
[PlyCount "63"]
[EventDate "2011.08.13"]
[EventType "swiss"]
[EventRounds "9"]
[EventCountry "AUT"]
[WhiteTeam "FRA (Frankreich)"]
[BlackTeam "SLO (Slowenien)"]
[WhiteTeamCountry "FRA"]
[BlackTeamCountry "SLO"]

1. c4 Nf6 2. Nc3 d5 3. cxd5 Nxd5 4. g3 Nxc3 5. bxc3 g6 6. Bg2 Bg7 7. Rb1 O-O 8.
Rxb7 Bxb7 9. Bxb7 Nc6 10. Bxc6 Rb8 11. Nf3 Rb6 12. Ba4 c5 13. Bb3 Qc7 14. Bc4
Rd8 15. Qc2 e6 16. O-O Bf8 17. d3 Bg7 18. e4 h5 19. Kg2 Qc6 20. h4 Rdb8 21. Ng5
Bf6 22. f4 Rf8 23. Kh2 Bxg5 24. hxg5 Kg7 25. f5 exf5 26. exf5 Qd7 27. fxg6 Rxg6
28. Qf2 Qe7 29. Re1 Qb7 30. Bf4 Kg8 31. Qg2 Qb6 32. Re7 1-0

[Event "Faaker See op 27th"]
[Site "Latschach (13.8.-20.8)"]
[Date "2011.08.20"]
[Round "9.7"]
[White "Saathoff, Richard"]
[Black "Kern, Guido"]
[Result "1-0"]
[WhiteElo "2111"]
[BlackElo "2299"]
[PlyCount "77"]
[EventDate "2011.08.13"]
[EventType "swiss"]
[EventRounds "9"]
[EventCountry "AUT"]
[WhiteTeam "Nürnberg-Süd SW"]
[BlackTeam "Dinslaken SV"]
[WhiteTeamCountry "GER"]
[BlackTeamCountry "GER"]

1. e4 e6 2. d4 d5 3. Nc3 Nc6 4. e5 f6 5. Bb5 Bd7 6. Nf3 a6 7. Bxc6 Bxc6 8. a3
Qd7 9. O-O f5 10. Rb1 Ne7 11. Re1 h6 12. h4 O-O-O 13. Ne2 g5 14. hxg5 Ng6 15.
g3 Qh7 16. Kg2 hxg5 17. Rh1 Qxh1+ 18. Qxh1 Rxh1 19. Kxh1 g4 20. Ng5 Kd7 21. Kg2
Bb5 22. Nf4 Nxf4+ 23. Bxf4 c5 24. Rh1 cxd4 25. Rh7+ Be7 26. Nf7 Rc8 27. Nd6
Rxc2 28. Nxb5 axb5 29. Bg5 d3 30. Rxe7+ Kc6 31. Rxe6+ Kc5 32. Rh6 Re2 33. e6 d2
34. Rh1 Rxe6 35. Rd1 d4 36. Rxd2 Re1 37. Bf6 Re4 38. f3 gxf3+ 39. Kxf3 1-0

[Event "Faaker See op 27th"]
[Site "Latschach (13.8.-20.8)"]
[Date "2011.08.20"]
[Round "9.8"]
[White "Koch, Markus(06.76)"]
[Black "Niedermeier, Thomas(90)"]
[Result "1/2-1/2"]
[WhiteElo "2135"]
[BlackElo "2165"]
[PlyCount "22"]
[EventDate "2011.08.13"]
[EventType "swiss"]
[EventRounds "9"]
[EventCountry "AUT"]
[WhiteTeam "Frankfurt-Brett vor'm Kopp SC"]
[BlackTeam "Ilmmünster SV"]
[WhiteTeamCountry "GER"]
[BlackTeamCountry "GER"]

1. d4 Nf6 2. c4 e5 3. dxe5 Ng4 4. Nf3 Nc6 5. Bg5 Be7 6. Bxe7 Qxe7 7. Nc3 Ngxe5
8. e3 O-O 9. Be2 Nxf3+ 10. Bxf3 Qb4 11. Qb3 d6 1/2-1/2

[Event "Faaker See op 27th"]
[Site "Latschach (13.8.-20.8)"]
[Date "2011.08.20"]
[Round "9.9"]
[White "Hresc, Vladimir"]
[Black "Danner, Lambert"]
[Result "1-0"]
[WhiteElo "2408"]
[BlackElo "2103"]
[PlyCount "85"]
[EventDate "2011.08.13"]
[EventType "swiss"]
[EventRounds "9"]
[EventCountry "AUT"]
[WhiteTeam "CRO (Kroatien)"]
[BlackTeam "AUT (Österreich)"]
[WhiteTeamCountry "CRO"]
[BlackTeamCountry "AUT"]

1. e4 Nf6 2. Nc3 Nc6 3. d4 d5 4. e5 Nd7 5. Nxd5 Ndb8 6. Bc4 Be6 7. Nxc7+ Qxc7
8. Bxe6 fxe6 9. Nh3 Qd7 10. c3 Na6 11. O-O g6 12. f4 Bg7 13. Be3 Nc7 14. Qe2 b5
15. Nf2 Nd5 16. Ne4 Na5 17. b3 Rc8 18. Rac1 O-O 19. Bd2 Nb7 20. Rf3 Nb6 21. Rd3
Bh6 22. g3 Qd5 23. h4 Kh8 24. Kh2 a5 25. Rb1 Qc6 26. Rf3 Rb8 27. Kg2 Nd5 28.
Rh1 Kg7 29. h5 Rf5 30. hxg6 hxg6 31. Kg1 Rh8 32. Rf2 Rh5 33. Rxh5 gxh5 34. Rh2
Qe8 35. Rxh5 Qg6 36. Rh4 Kf7 37. Kf2 Nc7 38. Qf3 Nd8 39. g4 Rh7 40. f5 exf5 41.
gxf5 Qc6 42. Qh5+ Kg7 43. f6+ 1-0

[Event "Faaker See op 27th"]
[Site "Latschach (13.8.-20.8)"]
[Date "2011.08.20"]
[Round "9.10"]
[White "Mladenov, Plamen"]
[Black "Riemelmoser, Stefan"]
[Result "1-0"]
[WhiteElo "2107"]
[BlackElo "2103"]
[PlyCount "91"]
[EventDate "2011.08.13"]
[EventType "swiss"]
[EventRounds "9"]
[EventCountry "AUT"]
[WhiteTeam "BUL (Bulgarien)"]
[BlackTeam "Simbach SC"]
[WhiteTeamCountry "BUL"]
[BlackTeamCountry "GER"]

1. d4 e6 2. Nf3 d5 3. c4 Be7 4. Nc3 Nf6 5. Bg5 h6 6. Bh4 O-O 7. e3 b6 8. cxd5
exd5 9. Qc2 Bb7 10. Bd3 c5 11. O-O Nbd7 12. Rad1 Rc8 13. Bf5 a6 14. Ne5 Rc7 15.
Nxd7 Nxd7 16. Bxe7 Qxe7 17. dxc5 Rxc5 18. Qb3 Nf6 19. Rd4 b5 20. g3 Qe5 21. Bd3
Re8 22. a4 Bc6 23. Qa3 Ne4 24. axb5 Bxb5 25. Bxe4 dxe4 26. Rxe4 Qh5 27. Rxe8+
Bxe8 28. Qxa6 Bc6 29. e4 Qf3 30. Re1 Rxc3 31. bxc3 Bxe4 32. Rxe4 Qxe4 33. Qf1
Qc2 34. Qe1 Kh7 35. h4 f5 36. Qe3 Qa4 37. Kh2 Qc2 38. Qd4 Kh8 39. c4 Kh7 40.
Kg2 g5 41. h5 Qe2 42. Qd7+ Kh8 43. Qxf5 Qxc4 44. Qf6+ Kg8 45. Qg6+ Kf8 46.
Qxh6+ 1-0

[Event "Faaker See op 27th"]
[Site "Latschach (13.8.-20.8)"]
[Date "2011.08.20"]
[Round "9.14"]
[White "Wegerer, Fred"]
[Black "Erlbeck, Peter"]
[Result "0-1"]
[WhiteElo "2142"]
[BlackElo "2096"]
[PlyCount "194"]
[EventDate "2011.08.13"]
[EventType "swiss"]
[EventRounds "9"]
[EventCountry "AUT"]
[WhiteTeam "AUT (Österreich)"]
[BlackTeam "Nürnberg-Süd SW"]
[WhiteTeamCountry "AUT"]
[BlackTeamCountry "GER"]

1. c4 e5 2. e3 Nc6 3. Nc3 d6 4. Nf3 g6 5. Be2 Bg7 6. O-O f5 7. d4 e4 8. Ne1 Nf6
9. b4 O-O 10. b5 Ne7 11. Qb3 Kh8 12. d5 g5 13. f4 exf3 14. Nxf3 h6 15. Bb2 Ng4
16. Nd1 Ng6 17. Bxg7+ Kxg7 18. Nd4 N4e5 19. Rc1 Qe7 20. Qc3 b6 21. Bd3 f4 22.
Bb1 Qf6 23. Qc2 Bd7 24. exf4 gxf4 25. Nf2 Ng4 26. Qd3 N4e5 27. Qc3 Rae8 28. Ne4
Qh4 29. Nf3 Qh5 30. Nxe5 Qxe5 31. Qd2 f3 32. Rxf3 Rxf3 33. gxf3 Nh4 34. Rc3 Qh5
35. Qd4+ Qe5 36. Qxe5+ dxe5 37. Kf2 Kf7 38. Ng3 Ke7 39. Be4 Kd6 40. Ra3 Ra8 41.
Nh5 Rg8 42. Ng3 Ra8 43. Bd3 Ke7 44. Bc2 Kd6 45. Bd3 a5 46. bxa6 Ra7 47. Be2 Ke7
48. c5 bxc5 49. Ra5 c4 50. Bxc4 Ng6 51. Ke3 c6 52. dxc6 Bxc6 53. Nf5+ Kd7 54.
Nxh6 Nh4 55. Be2 Kd6 56. Ng4 Nf5+ 57. Kf2 Bd5 58. Nf6 Bc6 59. f4 Rg7 60. fxe5+
Kc7 61. Nd5+ Kb8 62. Nf4 Rh7 63. h3 Nd4 64. Bg4 Rf7 65. Kg3 Ka7 66. e6 Rg7 67.
Kf2 Kb6 68. Ra3 Nb5 69. Re3 Kxa6 70. Nh5 Rg5 71. e7 Nc7 72. Nf6 Ra5 73. a3 Ne8
74. Bd7 Bxd7 75. Nxd7 Rf5+ 76. Kg3 Kb7 77. Ne5 Kc7 78. h4 Kd6 79. Nc4+ Kc5 80.
Nd2 Rf7 81. Nf3 Rg7+ 82. Kf4 Kd6 83. h5 Rf7+ 84. Kg5 Rg7+ 85. Kf5 Rf7+ 86. Kg6
Rg7+ 87. Kh6 Rf7 88. Ng5 Rf6+ 89. Kh7 Rf5 90. Nh3 Rxh5+ 91. Kg6 Rh4 92. Ng5 Rf4
93. Nh7 Ra4 94. Nf8 Rg4+ 95. Kf7 Rf4+ 96. Kg8 Nf6+ 97. Kg7 Ne8+ 0-1

[Event "Faaker See op 27th"]
[Site "Latschach (13.8.-20.8)"]
[Date "2011.08.20"]
[Round "9.17"]
[White "Roescheisen, Markus"]
[Black "Posch, Roland"]
[Result "0-1"]
[WhiteElo "1977"]
[BlackElo "2123"]
[PlyCount "50"]
[EventDate "2011.08.13"]
[EventType "swiss"]
[EventRounds "9"]
[EventCountry "AUT"]
[WhiteTeam "Esslingen-RSK TSV"]
[BlackTeam "AUT (Österreich)"]
[WhiteTeamCountry "GER"]
[BlackTeamCountry "AUT"]

1. e4 e5 2. Nf3 Nc6 3. Bc4 Nf6 4. Ng5 d5 5. exd5 b5 6. Bf1 Nd4 7. c3 Nxd5 8.
cxd4 Qxg5 9. dxe5 Qxe5+ 10. Qe2 Qxe2+ 11. Bxe2 a6 12. Bf3 Bb7 13. Nc3 O-O-O 14.
O-O Nb4 15. Bxb7+ Kxb7 16. a4 Nc2 17. Ra2 b4 18. b3 Nd4 19. Ne4 Nxb3 20. Rc2
Rd3 21. Bb2 f5 22. Ng5 Rxd2 23. Rfc1 Rd7 24. Re1 Nc5 25. a5 Bd6 0-1

[Event "Faaker See op 27th"]
[Site "Latschach (13.8.-20.8)"]
[Date "2011.08.20"]
[Round "9.18"]
[White "Van der Grinten, Bas Dr"]
[Black "Scholvin, Erich"]
[Result "1/2-1/2"]
[WhiteElo "1928"]
[BlackElo "2058"]
[PlyCount "50"]
[EventDate "2011.08.13"]
[EventType "swiss"]
[EventRounds "9"]
[EventCountry "AUT"]
[WhiteTeam "NED (Niederlande)"]
[BlackTeam "Hamburger SK"]
[WhiteTeamCountry "NED"]
[BlackTeamCountry "GER"]

1. e4 c5 2. Nf3 Nc6 3. d4 cxd4 4. Nxd4 e5 5. Nb5 d6 6. N1c3 a6 7. Na3 Be6 8.
Nc4 Nf6 9. Bg5 b5 10. Bxf6 gxf6 11. Ne3 Bh6 12. Ncd5 Bxe3 13. Nxe3 Ne7 14. Be2
f5 15. exf5 Nxf5 16. Nxf5 Bxf5 17. O-O O-O 18. a4 b4 19. Bc4 a5 20. f4 Rc8 21.
fxe5 Bg6 22. Qg4 dxe5 23. Rae1 Qc7 24. b3 Qb6+ 25. Kh1 Rce8 1/2-1/2

[Event "Faaker See op 27th"]
[Site "Latschach (13.8.-20.8)"]
[Date "2011.08.20"]
[Round "9.20"]
[White "Fiala, Vaclav"]
[Black "Skok, Joze"]
[Result "1/2-1/2"]
[WhiteElo "2162"]
[BlackElo "2004"]
[PlyCount "46"]
[EventDate "2011.08.13"]
[EventType "swiss"]
[EventRounds "9"]
[EventCountry "AUT"]
[WhiteTeam "CZE (Tschechien)"]
[BlackTeam "SLO (Slowenien)"]
[WhiteTeamCountry "CZE"]
[BlackTeamCountry "SLO"]

1. e4 c6 2. d4 d5 3. exd5 cxd5 4. c4 Nf6 5. Nc3 Nc6 6. Be3 e6 7. Nf3 Bd6 8. Bd3
O-O 9. a3 dxc4 10. Bxc4 Bd7 11. O-O Rc8 12. Bd3 a6 13. Bg5 Be7 14. Re1 Re8 15.
Bc2 h6 16. Bf4 Bf8 17. Qd3 g6 18. Rad1 Nd5 19. Be5 Nxc3 20. bxc3 Bg7 21. Bf4
Qa5 22. c4 Qf5 23. Qd2 Qa5 1/2-1/2

[Event "Faaker See op 27th"]
[Site "Latschach (13.8.-20.8)"]
[Date "2011.08.20"]
[Round "9.21"]
[White "Kainz, Josef Dr"]
[Black "Nagel, Herbert Dr(54)"]
[Result "1-0"]
[WhiteElo "1988"]
[BlackElo "2139"]
[PlyCount "59"]
[EventDate "2011.08.13"]
[EventType "swiss"]
[EventRounds "9"]
[EventCountry "AUT"]
[WhiteTeam "AUT (Österreich)"]
[BlackTeam "AUT (Österreich)"]
[WhiteTeamCountry "AUT"]
[BlackTeamCountry "AUT"]

1. d4 Nf6 2. Nf3 b5 3. e3 a6 4. Bd3 Bb7 5. O-O e6 6. Nbd2 c5 7. c3 Be7 8. e4
cxd4 9. cxd4 O-O 10. e5 Nd5 11. Ne4 f5 12. exf6 Nxf6 13. Neg5 Qe8 14. Ne5 Nc6
15. Ng4 h6 16. Nxf6+ Rxf6 17. Ne4 Nxd4 18. Nxf6+ Bxf6 19. Bd2 Qf7 20. Bc3 Nc6
21. Rc1 Rf8 22. Bb1 g6 23. Qd3 Kg7 24. Bxf6+ Qxf6 25. Qxd7+ Rf7 26. Qd6 Ne5 27.
Rc7 Nf3+ 28. Kh1 Bd5 29. Rxf7+ Qxf7 30. Rc1 1-0

[Event "Faaker See op 27th"]
[Site "Latschach (13.8.-20.8)"]
[Date "2011.08.21"]
[Round "9.30"]
[White "Dangl, Christian"]
[Black "Diehl, Achim"]
[Result "0-1"]
[WhiteElo "1876"]
[BlackElo "2040"]
[PlyCount "100"]
[EventDate "2011.08.13"]
[EventType "swiss"]
[EventRounds "9"]
[EventCountry "AUT"]
[WhiteTeam "SV Treffen"]
[BlackTeam "SW Nürnberg Süd"]

1. c4 c5 2. Nc3 Nf6 3. g3 g6 4. Bg2 Bg7 5. Nf3 O-O 6. O-O d5 7. cxd5 Nxd5 8.
Qb3 Nb6 9. d3 Nc6 10. Bd2 Bg4 11. Qd1 Qd7 12. Re1 Rfd8 13. Be3 Nd4 14. Bxd4
cxd4 15. Ne4 Nd5 16. Qb3 Rac8 17. Rac1 b6 18. Ned2 Bh3 19. Bh1 Nf4 20. Qd1 Ne6
21. Ne4 Bh6 22. Rc2 Rxc2 23. Qxc2 Rc8 24. Qb1 Qc7 25. Bg2 Bxg2 26. Kxg2 Qc2 27.
h4 Bc1 28. Qxc2 Rxc2 29. b3 Bb2 30. Kf1 h6 31. Rd1 f5 32. Ne1 $4 Rc1 33. Rd2
Ba3 34. Rc2 fxe4 35. dxe4 Nc5 36. f3 d3 37. Rxc1 dxe2+ 38. Kxe2 Bxc1 39. Nc2
Kf7 40. Nd4 Bb2 41. Nc2 Be5 42. f4 Bc7 43. Ke3 e5 44. Nb4 Ne6 45. f5 Nd4 46. g4
Bd8 47. Nd3 Nc6 48. fxg6+ Kxg6 49. h5+ Kg5 50. Kf3 Kh4 0-1

[Event "Faaker See op 27th"]
[Site "Latschach (13.8.-20.8)"]
[Date "2011.08.20"]
[Round "9.61"]
[White "Röckl, Adelbert"]
[Black "Trink, Hugo"]
[Result "1-0"]
[WhiteElo "1545"]
[BlackElo "1591"]
[PlyCount "35"]
[EventDate "2011.08.13"]
[EventType "swiss"]
[EventRounds "9"]
[EventCountry "AUT"]
[WhiteTeam "SW Nürnberg Süd"]
[BlackTeam "SF Villach"]

1. Nf3 Nf6 2. g3 Nc6 3. Bg2 e5 4. d3 d5 5. O-O Bd6 6. Nbd2 O-O 7. e4 dxe4 8.
dxe4 Bg4 9. c3 Re8 10. h3 Be6 11. Re1 Nd7 12. Nf1 Nc5 13. b4 Nd7 14. Ng5 Bc4
15. Ne3 b5 $4 16. Nxc4 bxc4 17. Qd5 Ndb8 18. Qxf7+ 1-0